|
|
|
|
| LEADER |
00634cam a2200169 i 4500 |
| 020 |
|
|
|a 0841901848
|
| 082 |
|
|
|a 301.592 095 483
|b JEF/D
|
| 100 |
1 |
|
|a Jeffrey, Robin.
|
| 245 |
1 |
4 |
|a The decline of Nayar dominance :
|b society and politics in Travancore, 1847-1908 /
|
| 260 |
|
|
|a New York :
|b Holmes & Meier Publishers,
|c 1976.
|
| 300 |
|
|
|a xxi, 376 p. :
|
| 500 |
|
|
|a Includes index.
|
| 650 |
|
0 |
|a Nairs.
|v Nayars
|
| 650 |
|
0 |
|a History
|v Nairs
|v Nayars
|z Kerala
|
| 942 |
|
|
|c REF
|
| 999 |
|
|
|c 96501
|d 96501
|
| 952 |
|
|
|0 0
|1 0
|4 0
|6 301_592000000000000_095_483_JEF_D
|7 0
|9 89317
|a SSS
|b SSS
|c REF
|d 2011-09-13
|l 0
|o 301.592 095 483 JEF/D
|p SSSPC188
|r 2011-09-13
|w 2016-10-27
|y REF
|